Earth or Space? Quiz Stats

Quiz Updated Jun 28, 2015

Also try: Planets by Image
Challenge
Share
Tweet
Score 0/18 Timer 06:00
1 Play Today
% Correct
Space and Earth - Northern Lights as seen from the ISS
95.9%
Yes, it's from Earth - Caño Cristales river in Colombia
94.9%
Yes, it's from space - Planetary Nebula NGC 2818 from Hubble
94.7%
Yes, it's from Earth - Grand Prismatic Spring in Yellowstone
94.7%
Yes, it's from space - Large Magellanic Cloud
94.6%
Yes, it's from space - A dying star throwing a cosmic tantrum
93.2%
Yes, it's from space - Footprint on the surface of the Earth's moon
92%
Yes, it's from Earth - Yuanyang County terracing in China
86.8%
Yes, it's from space - Saturn's polar vortex
86.1%
% Correct
Yes, it's from Earth - Richat Structure, 'Eye of the Sahara'
85.7%
Yes, it's from Earth - Meteorite crater in Arizona
85.6%
Yes, it's from Earth - Namib Desert in Southern Africa
84.9%
Yes, it's from Earth - Salar de Uyuni in Bolivia
82.7%
Yes, it's from space - Jupiter's Great Red Spot
81.5%
Yes, it's from space - Bonneville Crater on Mars
79.6%
Yes, it's from Earth - The Wave in Arizona
74.5%
Yes,it's from Earth - Lake Natron in Tanzania
39.7%
Yes, it's from space - Nili Patera caldera on Mars
23.3%

You're not logged in!

Compare scores with friends on all Sporcle quizzes.
Join for Free
OR
Log In

You Might Also Like...

Show Comments

Extras

Top Quizzes Today


Score Distribution

Your Account Isn't Verified!

In order to create a playlist on Sporcle, you need to verify the email address you used during registration. Go to your Sporcle Settings to finish the process.

Report this User

Report this user for behavior that violates our Community Guidelines.

Details: